[Event "Budapest FS08 FM-C"]
[Site "Budapest"]
[Date "2009.08.08"]
[Round "8"]
[White "Szoukup, Istvan"]
[Black "Mendege, Andras"]
[Result "0-1"]
[WhiteElo "1783"]
[BlackElo "1821"]
[PlyCount "46"]
[EventDate "2009.08.01"]
[EventType "tourn"]
[EventRounds "13"]
[EventCountry "HUN"]
[SourceTitle "CBM 131 Extra"]
[Source "ChessBase"]
[SourceDate "2009.09.03"]
[SourceVersion "2"]
[SourceVersionDate "2009.09.16"]
[SourceQuality "1"]

1. e4 e6 2. d4 d5 3. Nc3 Nf6 4. e5 Nfd7 5. f4 c5 6. Nf3 Nc6 7. Be3 cxd4 8. Nxd4 Nxd4 9. Bxd4 a6 10. Be2 Qc7 11. 0-0 Bc5 12. Kh1 Bxd4 13. Qxd4 Qb6 14. Qxb6 Nxb6 15. Rad1 Bd7 16. f5 0-0 17. fxe6 Bxe6 18. Rd4 Nd7 19. Bg4 Nxe5 20. Bxe6 fxe6 21. Re1 Rae8 22. Kg1 Nc6 23. Rg4 g6 0-1

[Event "Budapest FS08 FM-C"]
[Site "Budapest"]
[Date "2009.08.05"]
[Round "5"]
[White "Mendege, Andras"]
[Black "Vinnay, Istvan"]
[Result "0-1"]
[WhiteElo "1821"]
[BlackElo "1819"]
[PlyCount "108"]
[EventDate "2009.08.01"]
[EventType "tourn"]
[EventRounds "13"]
[EventCountry "HUN"]
[SourceTitle "CBM 131 Extra"]
[Source "ChessBase"]
[SourceDate "2009.09.03"]
[SourceVersion "2"]
[SourceVersionDate "2009.09.16"]
[SourceQuality "1"]

1. e4 c5 2. Nf3 e6 3. d4 cxd4 4. Nxd4 Nf6 5. Nc3 d6 6. g4 Nc6 7. g5 Nd7 8. Be3 Be7 9. Rg1 Nxd4 10. Qxd4 e5 11. Qd2 Nc5 12. 0-0-0 Be6 13. Bb5+ Kf8 14. h4 a6 15. Be2 Qa5 16. Kb1 Nxe4 17. Qd3 Nxc3+ 18. Qxc3 Bxa2+ 19. Kc1 Qxc3 20. bxc3 Be6 21. Kb2 d5 22. Bg4 Rc8 23. f4 exf4 24. Bxf4 Bc5 25. Rg2 Ke7 26. Be5 f6 27. Bd4 Bxd4 28. cxd4 Bxg4 29. Rxg4 f5 30. Rg3 g6 31. Rb3 Rc7 32. Re1+ Kf7 33. Rb6 Rd8 34. Rf6+ Kg7 35. h5 Rf8 36. h6+ Kg8 37. Rd6 f4 38. Rxd5 f3 39. Rf1 f2 40. Re5 Rcf7 41. c4 Rf5 42. Rxf5 Rxf5 43. Kc3 Kf7 44. Kd3 Ke6 45. Ke3 a5 46. Ke2 Kd6 47. Ke3 b6 48. Ke2 Kc6 49. Kd3 b5 50. cxb5+ Kxb5 51. Ke4 Kc6 52. Rc1+ Kd6 53. Rf1 a4 54. Kd3 Kd5 0-1

[Event "Budapest FS07 FM-C"]
[Site "Budapest"]
[Date "2009.07.09"]
[Round "6"]
[White "Szecsi, Peter"]
[Black "Mendege, Andras"]
[Result "1-0"]
[WhiteElo "1755"]
[BlackElo "1821"]
[PlyCount "101"]
[EventDate "2009.07.04"]
[EventType "tourn"]
[EventRounds "7"]
[EventCountry "HUN"]
[SourceTitle "CBM 131 Extra"]
[Source "ChessBase"]
[SourceDate "2009.09.03"]
[SourceVersion "2"]
[SourceVersionDate "2009.09.16"]
[SourceQuality "1"]

1. e4 e6 2. d4 d5 3. exd5 exd5 4. Nf3 Be7 5. Bd3 Nf6 6. 0-0 0-0 7. h3 c5 8. dxc5 Bxc5 9. Bg5 Be6 10. Nc3 Nc6 11. a3 h6 12. Bh4 Be7 13. Re1 Re8 14. Nb5 Qb6 15. b3 d4 16. Nbxd4 Bd5 17. Nf5 Rad8 18. Nxe7+ Nxe7 19. Bxf6 Qxf6 20. Re3 Bc6 21. c4 Rf8 22. Qe1 Nf5 23. Bxf5 Qxf5 24. Qe2 Rfe8 25. Ne5 Qg5 26. Nxc6 Rxe3 27. Qxe3 Qxe3 28. fxe3 bxc6 29. Kf2 Rd2+ 30. Kf3 a5 31. b4 axb4 32. axb4 Rc2 33. c5 Kf8 34. Ra7 Rb2 35. Rb7 g6 36. h4 h5 37. g3 Rb3 38. Kf4 Kg7 39. e4 Kf6 40. Rb6 Ke7 41. Rxc6 Rxb4 42. Ke5 Rc4 43. Rc7+ Ke8 44. c6 Kd8 45. Rxf7 Rxc6 46. Rf6 Rc5+ 47. Kf4 g5+ 48. hxg5 Rc1 49. g6 Ke7 50. Rf5 Rc6 51. Kg5 1-0

[Event "Budapest FS07 FM-C"]
[Site "Budapest"]
[Date "2009.07.07"]
[Round "4"]
[White "Pataki, Zemplen"]
[Black "Mendege, Andras"]
[Result "0-1"]
[WhiteElo "1544"]
[BlackElo "1821"]
[PlyCount "52"]
[EventDate "2009.07.04"]
[EventType "tourn"]
[EventRounds "7"]
[EventCountry "HUN"]
[SourceTitle "CBM 131 Extra"]
[Source "ChessBase"]
[SourceDate "2009.09.03"]
[SourceVersion "2"]
[SourceVersionDate "2009.09.16"]
[SourceQuality "1"]

1. e4 e6 2. d4 d5 3. Nc3 dxe4 4. Nxe4 Bd7 5. Nf3 Bc6 6. Bd3 Nd7 7. 0-0 Ngf6 8. Ng3 Be7 9. c4 0-0 10. Ne5 Re8 11. Nxc6 bxc6 12. f4 c5 13. dxc5 Nxc5 14. Bc2 Bd6 15. b4 Nb7 16. c5 Be7 17. Bb2 a5 18. a3 axb4 19. axb4 c6 20. f5 Qxd1 21. Rfxd1 Nd5 22. fxe6 fxe6 23. Re1 Nxb4 24. Bd4 Rxa1 25. Bxh7+ Kxh7 26. Rxa1 Nc2 0-1

[Event "Budapest FS07 FM-C"]
[Site "Budapest"]
[Date "2009.07.05"]
[Round "2"]
[White "Szoukup, Istvan"]
[Black "Mendege, Andras"]
[Result "0-1"]
[WhiteElo "1783"]
[BlackElo "1821"]
[PlyCount "142"]
[EventDate "2009.07.04"]
[EventType "tourn"]
[EventRounds "7"]
[EventCountry "HUN"]
[SourceTitle "CBM 131 Extra"]
[Source "ChessBase"]
[SourceDate "2009.09.03"]
[SourceVersion "2"]
[SourceVersionDate "2009.09.16"]
[SourceQuality "1"]

1. e4 e6 2. d4 d5 3. Nc3 dxe4 4. Nxe4 Bd7 5. Nf3 Bc6 6. Ng3 Nf6 7. Ne5 Be7 8. Nxc6 Nxc6 9. c3 0-0 10. Bd3 e5 11. Bb5 exd4 12. Bxc6 bxc6 13. Qxd4 Qxd4 14. cxd4 c5 15. Nf5 Rfe8 16. 0-0 cxd4 17. Nxd4 Bc5 18. Nb3 Bb6 19. Bg5 Ne4 20. Bh4 f5 21. a4 a5 22. Kh1 g5 23. f3 gxh4 24. fxe4 fxe4 25. Rf4 h3 26. gxh3 Rad8 27. Rg4+ Kh8 28. Rf1 Rd3 29. Rg3 e3 30. Nc1 Rd2 31. Rg2 Red8 32. Re1 Rf8 33. Nb3 Rxg2 34. Kxg2 Rf2+ 35. Kg3 Rxb2 36. Nxa5 Bxa5 37. Rxe3 Rb4 38. Ra3 Kg7 39. h4 Kh6 40. Re3 Rxa4 41. Re6+ Kg7 42. Re7+ Kg6 43. h5+ Kxh5 44. Rxh7+ Kg6 45. Rd7 Rc4 46. Re7 Bc3 47. Re3 Bd4 48. Re2 c5 49. Kf3 Kf5 50. Re8 Rc3+ 51. Kg2 Rc2+ 52. Kh1 Be5 53. Rf8+ Ke4 54. h4 Rh2+ 55. Kg1 Rxh4 56. Rc8 Kd5 57. Rd8+ Bd6 58. Kf2 Re4 59. Kf3 Re7 60. Rh8 c4 61. Rh5+ Kd4 62. Rh4+ Kd3 63. Rh1 Rf7+ 64. Kg2 Bb4 65. Rh3+ Kc2 66. Rh4 Kb3 67. Rh1 c3 68. Rb1+ Kc4 69. Rc1 Ba3 70. Ra1 Kb3 71. Re1 c2 0-1

[Event "Budapest FS06 FM-B"]
[Site "Budapest"]
[Date "2009.06.09"]
[Round "4"]
[White "Mendege, Andras"]
[Black "Yip, Michael"]
[Result "1/2-1/2"]
[WhiteElo "1818"]
[BlackElo "2067"]
[PlyCount "72"]
[EventDate "2009.06.06"]
[EventType "tourn"]
[EventRounds "11"]
[EventCountry "HUN"]
[SourceTitle "CBM 130 Extra"]
[Source "ChessBase"]
[SourceDate "2009.07.02"]
[SourceVersion "2"]
[SourceVersionDate "2009.07.15"]
[SourceQuality "1"]

1. e4 e5 2. Nf3 Nc6 3. Bb5 Nf6 4. 0-0 Nxe4 5. Bxc6 dxc6 6. d3 Nd6 7. Nxe5 Be7 8. Nc3 0-0 9. h3 Be6 10. Re1 Bf6 11. Nf3 g6 12. Bf4 Bg7 13. Qd2 Re8 14. Ng5 Bf5 15. Rxe8+ Qxe8 16. Re1 Qf8 17. Nge4 Rd8 18. Nxd6 cxd6 19. Qe3 a6 20. Qe7 Rd7 21. Qxf8+ Kxf8 22. Kf1 Rd8 23. g4 Bc8 24. Kg2 Bxc3 25. bxc3 f6 26. c4 Kf7 27. a4 g5 28. Bd2 Be6 29. Rb1 Rd7 30. f4 gxf4 31. Bxf4 d5 32. c5 Kg6 33. Kg3 h5 34. Re1 Re7 35. a5 Re8 36. d4 Re7 1/2-1/2

[Event "Budapest FS05 FM-B"]
[Site "Budapest"]
[Date "2009.05.09"]
[Round "7"]
[White "Mendege, Andras"]
[Black "Szabo, Miklos"]
[Result "1-0"]
[WhiteElo "1818"]
[BlackElo "1453"]
[PlyCount "65"]
[EventDate "2009.05.02"]
[EventType "tourn"]
[EventRounds "9"]
[EventCountry "HUN"]
[SourceTitle "CBM 130 Extra"]
[Source "ChessBase"]
[SourceDate "2009.07.02"]
[SourceVersion "2"]
[SourceVersionDate "2009.07.15"]
[SourceQuality "1"]

1. e4 c6 2. d4 d5 3. Nc3 dxe4 4. Nxe4 Bf5 5. Ng3 Bg6 6. Nf3 Nf6 7. Bd3 Nbd7 8. 0-0 e6 9. b3 Be7 10. Bb2 0-0 11. Bxg6 hxg6 12. c4 Qc7 13. Qe2 Rfe8 14. Rfd1 Qa5 15. a4 Bb4 16. Qc2 Red8 17. Rac1 c5 18. Ne5 cxd4 19. Nxd7 Rxd7 20. Rxd4 Rad8 21. Rcd1 Bd6 22. Ne4 Nxe4 23. Qxe4 Qg5 24. h3 e5 25. Rd5 f5 26. Qd3 Qe7 27. Bxe5 Bxe5 28. Rxd7 Rxd7 29. Qxd7 Qb4 30. Qd5+ Kh7 31. Qxe5 Qxb3 32. Rd7 Kh6 33. Qf4+ 1-0

[Event "Budapest FS04 FM-B"]
[Site "Budapest"]
[Date "2009.04.11"]
[Round "8"]
[White "Mendege, Andras"]
[Black "Farkas, Richard"]
[Result "1/2-1/2"]
[WhiteElo "1818"]
[BlackElo "1709"]
[PlyCount "90"]
[EventDate "2009.04.04"]
[EventType "tourn"]
[EventRounds "9"]
[EventCountry "HUN"]
[SourceTitle "CBM 129 Extra"]
[Source "ChessBase"]
[SourceDate "2009.05.05"]
[SourceVersion "2"]
[SourceVersionDate "2009.05.20"]
[SourceQuality "1"]

1. e4 e6 2. d4 d5 3. Nc3 Bb4 4. e5 c5 5. a3 Bxc3+ 6. bxc3 Ne7 7. Qg4 cxd4 8. cxd4 Nf5 9. Bd3 h5 10. Qf4 Ne7 11. Nf3 Nbc6 12. 0-0 Qb6 13. Be3 Bd7 14. Rfb1 Qc7 15. Ng5 Rf8 16. Nh7 Rg8 17. Qg5 0-0-0 18. Qxh5 Be8 19. Qe2 Rh8 20. Ng5 Kd7 21. f4 f6 22. Nf3 Bg6 23. Bf2 Bxd3 24. Qxd3 Nf5 25. g4 Nfe7 26. c4 dxc4 27. Qxc4 Nd5 28. f5 fxe5 29. fxe6+ Kxe6 30. Bg3 Rhf8 31. Nxe5 Nxe5 32. Qxc7 Nf3+ 33. Kg2 Nxc7 34. Bxc7 Rxd4 35. Rxb7 Rd2+ 36. Kh1 Rf7 37. Rb3 Rxc7 38. Rxf3 Rcc2 39. Re1+ Kd6 40. h3 Rh2+ 41. Kg1 Rhg2+ 42. Kh1 Rh2+ 43. Kg1 Rhg2+ 44. Kf1 Rgd2 45. Kg1 Rg2+ 1/2-1/2

[Event "Budapest FS04 FM-B"]
[Site "Budapest"]
[Date "2009.04.04"]
[Round "1"]
[White "Mihajlova, Diana"]
[Black "Mendege, Andras"]
[Result "0-1"]
[WhiteElo "1553"]
[BlackElo "1818"]
[PlyCount "70"]
[EventDate "2009.04.04"]
[EventType "tourn"]
[EventRounds "9"]
[EventCountry "HUN"]
[SourceTitle "CBM 129 Extra"]
[Source "ChessBase"]
[SourceDate "2009.05.05"]
[SourceVersion "2"]
[SourceVersionDate "2009.05.20"]
[SourceQuality "1"]

1. Nf3 Nf6 2. c4 d5 3. e3 e6 4. Nc3 c5 5. d4 Nc6 6. cxd5 exd5 7. Bb5 Bd6 8. dxc5 Bxc5 9. Ne5 Qd6 10. Nxc6 bxc6 11. Be2 Bb6 12. 0-0 Bc7 13. f4 0-0 14. b4 Qxb4 15. Bd2 Qd6 16. Qa4 Bd7 17. e4 Bb6+ 18. Kh1 dxe4 19. Nxe4 Nxe4 20. Qxe4 Rfe8 21. Qf3 Qxd2 22. Bc4 Qe3 23. Qd1 Be6 24. Be2 Rad8 25. Qc2 Bd5 26. Ba6 h5 27. Qf5 h4 28. Bd3 g6 29. Qg5 h3 30. Rg1 Bxg2+ 31. Rxg2 hxg2+ 32. Qxg2 Qxd3 33. Qxc6 Qe4+ 34. Qxe4 Rxe4 35. Rf1 Rd2 0-1

[Event "Budapest FS03 FM-B"]
[Site "Budapest"]
[Date "2009.03.14"]
[Round "6"]
[White "Kantor, Gergely"]
[Black "Mendege, Andras"]
[Result "0-1"]
[WhiteElo "1691"]
[BlackElo "1795"]
[PlyCount "94"]
[EventDate "2009.03.07"]
[EventType "tourn"]
[EventRounds "9"]
[EventCountry "HUN"]
[SourceTitle "EXT 2010"]
[Source "ChessBase"]
[SourceDate "2010.11.25"]
[SourceVersion "1"]
[SourceVersionDate "2010.11.25"]
[SourceQuality "1"]

1. e4 e6 2. d4 d5 3. Nc3 dxe4 4. Nxe4 Bd7 5. Nf3 Bc6 6. Bd3 Nd7 7. 0-0 Ngf6 8. Ng3 Be7 9. b3 0-0 10. Bb2 b6 11. c4 Bb7 12. Qe2 a5 13. a3 Re8 14. Nd2 Rc8 15. Nde4 Nxe4 16. Bxe4 Bxe4 17. Nxe4 Nf6 18. Rad1 Nxe4 19. Qxe4 Bf6 20. f4 Qe7 21. Rfe1 c5 22. a4 Rcd8 23. Re2 Rd7 24. Red2 Red8 25. Bc3 Bxd4+ 26. Bxd4 cxd4 27. Rd3 g6 28. g3 Qc5 29. Kf2 Rd6 30. Kf3 f6 31. Rf1 Qh5+ 32. Kg2 Qf5 33. Qe2 Kg7 34. g4 Qc5 35. h4 h6 36. Qf2 R8d7 37. Qg3 e5 38. fxe5 Qxe5 39. Qf3 Re6 40. Rfd1 Qe4 41. Kg3 f5 42. gxf5 gxf5 43. h5 Kf6 44. Rg1 Rg7+ 45. Kf2 Rxg1 46. Kxg1 Qxf3 47. Rxf3 Re3 0-1

[Event "Budapest FS03 FM-B"]
[Site "Budapest"]
[Date "2009.03.09"]
[Round "2"]
[White "Mendege, Andras"]
[Black "Kantor, Gergely"]
[Result "0-1"]
[WhiteElo "1795"]
[BlackElo "1691"]
[PlyCount "116"]
[EventDate "2009.03.07"]
[EventType "tourn"]
[EventRounds "9"]
[EventCountry "HUN"]
[SourceTitle "EXT 2010"]
[Source "ChessBase"]
[SourceDate "2010.11.25"]
[SourceVersion "1"]
[SourceVersionDate "2010.11.25"]
[SourceQuality "1"]

1. e4 c5 2. Nf3 d6 3. d4 cxd4 4. Nxd4 Nf6 5. Nc3 g6 6. Be3 Bg7 7. f3 0-0 8. Bc4 Nc6 9. Qd2 Bd7 10. 0-0-0 Rc8 11. Bb3 Ne5 12. Bh6 Bxh6 13. Qxh6 Rxc3 14. bxc3 a5 15. a3 a4 16. Ba2 Qa5 17. Qe3 Rc8 18. Kb2 Qb6+ 19. Ka1 Qc5 20. Kb2 Qb6+ 21. Ka1 Qc5 22. Kb2 Qb6+ 23. Ka1 Qc5 24. Kb2 Qb6+ 25. Ka1 Qc5 26. c4 Nxc4 27. Bxc4 Qxc4 28. Qd3 Qc5 29. Rb1 e5 30. Nb5 Ne8 31. c4 Qxc4 32. Qxc4 Rxc4 33. Rhd1 Rc6 34. Na7 Rc7 35. Rbc1 Rxc1+ 36. Rxc1 Kf8 37. Kb2 Ke7 38. Kc3 Be6 39. Kb4 Bb3 40. Nc8+ Kd8 41. Nb6 f5 42. Nxa4 Be6 43. exf5 gxf5 44. Rd1 Kc7 45. Nc3 Kc6 46. Re1 Nc7 47. Ne2 d5 48. Ng3 e4 49. fxe4 dxe4 50. Nh5 Nd5+ 51. Ka4 e3 52. g3 Kc5 53. Nf4 Nxf4 54. Rxe3 Bd7+ 55. Kb3 Nd5 56. Re1 b5 57. Rd1 Be6 58. Kc2 Ne3+ 0-1

[Event "Budapest FS02 FM-B"]
[Site "Budapest"]
[Date "2009.02.13"]
[Round "7"]
[White "Mendege, Andras"]
[Black "Molnar, Marton"]
[Result "1/2-1/2"]
[WhiteElo "1795"]
[BlackElo "1947"]
[PlyCount "22"]
[EventDate "2009.02.07"]
[EventType "tourn"]
[EventRounds "9"]
[EventCountry "HUN"]
[SourceTitle "CBM 128 Extra"]
[Source "ChessBase"]
[SourceDate "2009.03.05"]
[SourceVersion "2"]
[SourceVersionDate "2009.03.25"]
[SourceQuality "1"]

1. e4 c5 2. Nf3 d6 3. d4 cxd4 4. Nxd4 Nf6 5. Nc3 a6 6. Bg5 Nbd7 7. f3 g6 8. Qd2 h6 9. Be3 Qc7 10. 0-0-0 b5 11. Bd3 Bb7 1/2-1/2

[Event "Budapest FS02 FM-B"]
[Site "Budapest"]
[Date "2009.02.12"]
[Round "6"]
[White "Szabo, Miklos"]
[Black "Mendege, Andras"]
[Result "0-1"]
[WhiteElo "1458"]
[BlackElo "1795"]
[PlyCount "88"]
[EventDate "2009.02.07"]
[EventType "tourn"]
[EventRounds "9"]
[EventCountry "HUN"]
[SourceTitle "CBM 128 Extra"]
[Source "ChessBase"]
[SourceDate "2009.03.05"]
[SourceVersion "2"]
[SourceVersionDate "2009.03.25"]
[SourceQuality "1"]

1. d4 Nf6 2. c4 g6 3. Nf3 Bg7 4. Nc3 d5 5. cxd5 Nxd5 6. e4 Nxc3 7. bxc3 0-0 8. Be2 c5 9. 0-0 cxd4 10. cxd4 Nc6 11. Be3 Bg4 12. Rc1 Bxf3 13. Bxf3 Nxd4 14. Bg4 e6 15. Qd2 Nc6 16. Qe2 h5 17. Bh3 Qa5 18. Rc5 Qc7 19. Rd1 Rfd8 20. Rxd8+ Rxd8 21. g3 Bd4 22. Rc1 Bxe3 23. Qxe3 Qd7 24. Qc5 Qd4 25. Bg2 Qxc5 26. Rxc5 e5 27. f4 f6 28. Bh3 Kf7 29. Bf1 Rd1 30. Rd5 Rxd5 31. Bc4 Ke7 32. Bxd5 Nb4 33. Bxb7 Nxa2 34. Kf2 Nb4 35. fxe5 fxe5 36. Bc8 Kf6 37. h3 g5 38. Kf3 a5 39. Bd7 Nd3 40. Ba4 Nc5 41. Bc2 a4 42. Bb1 a3 43. Ke2 Nxe4 44. g4 Nc3+ 0-1

[Event "Budapest FS12 FM-A"]
[Site "Budapest"]
[Date "2008.12.15"]
[Round "10"]
[White "Mendege, Andras"]
[Black "Zoltan, Andras"]
[Result "1/2-1/2"]
[WhiteElo "1866"]
[BlackElo "2085"]
[PlyCount "66"]
[EventDate "2008.12.06"]
[EventType "tourn"]
[EventRounds "10"]
[EventCountry "HUN"]
[SourceTitle "CBM 127 Extra"]
[Source "ChessBase"]
[SourceDate "2009.01.08"]
[SourceVersion "2"]
[SourceVersionDate "2009.01.28"]
[SourceQuality "1"]

1. e4 e5 2. Nf3 Nc6 3. Bb5 f5 4. d4 fxe4 5. Bxc6 exf3 6. Bxf3 exd4 7. Bh5+ g6 8. Qxd4 Qf6 9. Qxf6 Nxf6 10. Bf3 Bg7 11. 0-0 d5 12. Nc3 c6 13. Ne2 0-0 14. c3 Ng4 15. Bf4 Ne5 16. Bxe5 Bxe5 17. Nd4 Bxd4 18. cxd4 Bf5 19. Rfe1 Rfe8 20. g3 Kf7 21. h4 h5 22. Bg2 Rxe1+ 23. Rxe1 Re8 24. Rxe8 Kxe8 25. Kf1 Kd7 26. Ke2 Kd6 27. Ke3 c5 28. Bf1 c4 29. Be2 b5 30. Kd2 b4 31. a3 a5 32. axb4 axb4 33. f3 Ke6 1/2-1/2

[Event "Budapest FS11 FM-B"]
[Site "Budapest"]
[Date "2008.11.08"]
[Round "2.3"]
[White "Dobos, Otto"]
[Black "Mendege, Andras"]
[Result "0-1"]
[WhiteElo "1824"]
[BlackElo "1866"]
[PlyCount "100"]
[EventDate "2008.11.01"]
[EventType "tourn"]
[EventRounds "10"]
[EventCountry "HUN"]
[SourceTitle "EXT 2009"]
[Source "ChessBase"]
[SourceDate "2008.11.26"]
[SourceVersion "1"]
[SourceVersionDate "2008.11.26"]
[SourceQuality "1"]

1. d4 c5 2. e3 b6 3. Nc3 Bb7 4. Nf3 Nf6 5. Bc4 e6 6. 0-0 Be7 7. d5 exd5 8. Nxd5 0-0 9. Nxe7+ Qxe7 10. Re1 d5 11. Bf1 Nbd7 12. c3 Ne5 13. Nxe5 Qxe5 14. Be2 Rfd8 15. Bf1 h6 16. f4 Qe7 17. a3 Ne4 18. Bd3 Nf6 19. Bf1 Qc7 20. Qc2 Re8 21. a4 a6 22. b3 Re7 23. Ra2 Rae8 24. b4 Re4 25. bxc5 bxc5 26. Be2 R4e7 27. Bf3 Ne4 28. Bxe4 Rxe4 29. Rf1 Qa5 30. Bd2 Rc4 31. h3 Bc6 32. Rfa1 Rb8 33. Qf5 Qc7 34. Rb1 Rxb1+ 35. Qxb1 Rxa4 36. Rb2 Bb5 37. Ra2 Rc4 38. Qa1 Qe7 39. Rxa6 Bxa6 40. Qxa6 Kh7 41. Qc8 Qe6 42. Qb7 Re4 43. Qb1 g6 44. Qb7 Rxe3 45. Kh2 Re4 46. Bc1 c4 47. Qb8 Re2 48. Qa7 Kg7 49. Kg3 Qe4 50. Qg1 Re1 0-1

[Event "Budapest FS11 FM-B"]
[Site "Budapest"]
[Date "2008.11.06"]
[Round "2.1"]
[White "Szabo, Miklos"]
[Black "Mendege, Andras"]
[Result "1/2-1/2"]
[WhiteElo "1512"]
[BlackElo "1866"]
[PlyCount "74"]
[EventDate "2008.11.01"]
[EventType "tourn"]
[EventRounds "10"]
[EventCountry "HUN"]
[SourceTitle "EXT 2009"]
[Source "ChessBase"]
[SourceDate "2008.11.26"]
[SourceVersion "1"]
[SourceVersionDate "2008.11.26"]
[SourceQuality "1"]

1. d4 Nf6 2. Nf3 g6 3. c4 Bg7 4. Nc3 d5 5. e3 0-0 6. b3 c6 7. Bb2 Bg4 8. Be2 e6 9. h3 Bxf3 10. Bxf3 Nbd7 11. 0-0 Re8 12. Qc2 Rc8 13. Rad1 a6 14. g3 b5 15. e4 dxe4 16. Nxe4 Nxe4 17. Bxe4 Nb6 18. Rfe1 Qd7 19. Rd2 Red8 20. Red1 Qe7 21. Rd3 Qa7 22. Bg2 Qd7 23. Qc1 Bf8 24. Kh1 b4 25. a4 a5 26. Qg5 Ra8 27. d5 Bg7 28. dxe6 Qxd3 29. Rxd3 Rxd3 30. exf7+ Kxf7 31. Qf4+ Kg8 32. Bxg7 Kxg7 33. Qc7+ Nd7 34. Bxc6 Rf8 35. Kg2 Rd2 36. Bf3 Rd3 37. Bc6 Rd2 1/2-1/2

[Event "Budapest FS11 FM-B"]
[Site "Budapest"]
[Date "2008.11.01"]
[Round "1.1"]
[White "Mendege, Andras"]
[Black "Szabo, Miklos"]
[Result "1-0"]
[WhiteElo "1866"]
[BlackElo "1512"]
[PlyCount "77"]
[EventDate "2008.11.01"]
[EventType "tourn"]
[EventRounds "10"]
[EventCountry "HUN"]
[SourceTitle "EXT 2009"]
[Source "ChessBase"]
[SourceDate "2008.11.26"]
[SourceVersion "1"]
[SourceVersionDate "2008.11.26"]
[SourceQuality "1"]

1. e4 c5 2. Nf3 Nf6 3. Nc3 Nc6 4. d4 cxd4 5. Nxd4 e5 6. Ndb5 a6 7. Nd6+ Bxd6 8. Qxd6 Qe7 9. Qd1 0-0 10. Bg5 Qe6 11. Nd5 Nxd5 12. exd5 Qg6 13. Bd2 Qe4+ 14. Be3 Nb4 15. Bd3 Qxg2 16. Rf1 Nxd5 17. Qh5 e4 18. Qxd5 Qxh2 19. Bxe4 d6 20. 0-0-0 Be6 21. Qxd6 Qxd6 22. Rxd6 Rab8 23. Rb6 a5 24. a3 a4 25. Rxb7 Rbd8 26. Bc5 Bc8 27. Bxf8 Bxb7 28. Bxb7 Kxf8 29. Rd1 Rb8 30. Bc6 h5 31. Bxa4 g6 32. Bc6 Kg7 33. b4 h4 34. b5 Rh8 35. a4 h3 36. a5 Rh4 37. a6 Ra4 38. Rh1 Ra1+ 39. Kb2 1-0

[Event "Budapest FS10 FM-B"]
[Site "Budapest"]
[Date "2008.10.10"]
[Round "7"]
[White "Mendege, Andras"]
[Black "Mayer, Istvan"]
[Result "1/2-1/2"]
[WhiteElo "1866"]
[BlackElo "2136"]
[PlyCount "48"]
[EventDate "2008.10.04"]
[EventType "tourn"]
[EventRounds "10"]
[EventCountry "HUN"]
[SourceTitle "EXT 2010"]
[Source "ChessBase"]
[SourceDate "2010.11.25"]
[SourceVersion "1"]
[SourceVersionDate "2010.11.25"]
[SourceQuality "1"]

1. e4 c5 2. Nf3 d6 3. d4 cxd4 4. Nxd4 Nf6 5. Nc3 g6 6. Be3 Bg7 7. f3 Nc6 8. Qd2 0-0 9. Bc4 a6 10. 0-0-0 Nxd4 11. Bxd4 b5 12. Bb3 Be6 13. Nd5 Bxd5 14. Bxd5 Nxd5 15. Bxg7 Kxg7 16. Qxd5 Qc7 17. Qd4+ f6 18. Rd3 Rfc8 19. Rc3 Qa5 20. Rxc8 Rxc8 21. Kb1 Rc4 22. Qd3 Ra4 23. Qd5 Rc4 24. Rc1 Qc7 1/2-1/2

[Event "Budapest FS10 FM-B"]
[Site "Budapest"]
[Date "2008.10.04"]
[Round "1"]
[White "Mendege, Andras"]
[Black "Mihajlova, Diana"]
[Result "1-0"]
[WhiteElo "1866"]
[BlackElo "1484"]
[PlyCount "90"]
[EventDate "2008.10.04"]
[EventType "tourn"]
[EventRounds "10"]
[EventCountry "HUN"]
[SourceTitle "EXT 2010"]
[Source "ChessBase"]
[SourceDate "2010.11.25"]
[SourceVersion "1"]
[SourceVersionDate "2010.11.25"]
[SourceQuality "1"]

1. e4 Nf6 2. e5 Nd5 3. d4 d6 4. Nf3 dxe5 5. Nxe5 Nd7 6. Nxf7 Kxf7 7. Qh5+ g6 8. Qxd5+ e6 9. Qf3+ Nf6 10. c3 Qd5 11. Be2 b6 12. c4 Bb4+ 13. Bd2 Bxd2+ 14. Nxd2 Qb7 15. Qxb7 Bxb7 16. Bf3 c6 17. 0-0-0 Rad8 18. Nb3 g5 19. g3 g4 20. Bg2 a5 21. Na1 Ba6 22. b3 Rd6 23. Nc2 Ra8 24. Rhe1 a4 25. Kb2 Rad8 26. Kc1 Nd7 27. f3 h5 28. f4 Kf6 29. Nb4 Nb8 30. Nc2 axb3 31. axb3 Bb7 32. Kb2 R8d7 33. b4 Na6 34. Kc3 Nb8 35. c5 bxc5 36. bxc5 Rd5 37. Bxd5 exd5 38. Nb4 Bc8 39. Kc2 Ra7 40. Ra1 Bf5+ 41. Kc3 Rc7 42. Re8 Bc8 43. Ra8 Kf7 44. Rd8 Ke7 45. Rh8 Rb7 1-0